00385nam a2200181Ia 4500003000900000008004100009040001300050040001300063041000800076100002600084245002500110250001100135260002100146260000900167300001100176300001000187490000600197IT-RoPAU120407s9999 xx 000 0 und d aIT-RoPAU cIT-RoPAU aita aCaio Sallustio Crispo aLa guerra giugurtina aMilano aCarlo Signorelli c1944 a205 p. c19 cm v1